[Event "Zuerich op-A 29th"]
[Site "Zuerich"]
[Date "2005.12.26"]
[Round "1"]
[White "Burmakin, Vladimir"]
[Black "Goehler, Marco"]
[Result "1/2-1/2"]
[WhiteElo "2535"]
[BlackElo "2167"]
[PlyCount "94"]
[EventDate "2005.12.26"]
[EventType "swiss"]
[EventRounds "7"]
[EventCountry "SUI"]
[SourceTitle "CBM 110 Extra"]
[Source "ChessBase"]
[SourceDate "2006.03.10"]
[SourceVersion "2"]
[SourceVersionDate "2006.03.10"]
[SourceQuality "1"]

1. d4 Nf6 2. g3 d5 3. Nf3 c6 4. Bg2 Bg4 5. 0-0 e6 6. Nbd2 Bd6 7. Re1 Nbd7 8. e4 dxe4 9. Nxe4 Nxe4 10. Rxe4 Nf6 11. Re1 0-0 12. c3 Qb6 13. Qb3 Bxf3 14. Bxf3 Rfd8 15. Bg5 h6 16. Be3 Nd5 17. Bd2 c5 18. dxc5 Bxc5 19. Qxb6 Nxb6 20. Rad1 Rd7 21. Bc1 Rad8 22. Rxd7 Rxd7 23. Re5 Nd5 24. Kf1 b6 25. a3 Nc7 26. Re1 g5 27. Ke2 f6 28. Rh1 Kg7 29. h4 Be7 30. hxg5 hxg5 31. c4 f5 32. b4 e5 33. g4 fxg4 34. Be4 Rd4 35. Ke3 Rxc4 36. Bb2 Bd6 37. Rh7+ Kf6 38. Rh6+ Ke7 39. Rg6 Ne8 40. Rxg5 Nf6 41. Bd3 Nd5+ 42. Kd2 Rf4 43. Ke1 Ke6 44. Bc1 Rd4 45. Bb1 Nf4 46. Be3 Ng2+ 47. Ke2 Nf4+ 1/2-1/2